| 000 | 01302nam a2200337 c 4500 | ||
|---|---|---|---|
| 001 | 60448 | ||
| 003 | CO-BoRNBP | ||
| 005 | 20260209151044.0 | ||
| 007 | ta | ||
| 008 | 231011t2020 ck a||| r6||| 00| 1 spa d | ||
| 020 | _a9789585138070 | ||
| 040 |
_aCO-BoRNBP _bspa _erda _cCO-BoRNBP |
||
| 041 | 0 | _aspa | |
| 082 | 0 | 4 |
_a370.1 _bH27e _222 |
| 100 | 1 | 0 |
_aHerrera Corte, Martha Cecilia _eaut _968707 |
| 245 | 1 | 0 |
_aEducación y políticas de la memoria en América Latina : _bpor una pedagogía más allá del paradigma del sujeto víctima / _cMartha Cecilia Herrera Cortés, Carol Juliette Pertuz Bedoya. |
| 250 | _aSegunda edición | ||
| 264 | 1 |
_aBogotá, Colombia : _bUniversidad Pedagógica Nacional, _c2020 |
|
| 300 |
_a394 páginas : _bilustraciones en color |
||
| 336 |
_atexto _btxt _2rdacontent |
||
| 337 |
_asin mediación _bn _2rdamedia |
||
| 338 |
_avolumen _bnc _2rdacarrier |
||
| 490 | _aRescate | ||
| 504 | _aIncluye referencias bibliográficas | ||
| 650 | 1 | 7 |
_aConstrucción de la paz _zAmérica Latina _2lemb _968708 |
| 650 | 0 | 7 |
_aEducación para la paz _zAmérica Latina _2lemb _968709 |
| 650 | 1 | 7 |
_aPolítica y gobierno _zAmérica Latina _2lemb _968710 |
| 650 | 1 | 7 |
_aViolencia política _zAmérica Latina _2lemb _968711 |
| 700 | 1 | 0 |
_aPertuz Bedoya, Carol Juliette _eaut _968712 |
| 942 |
_2ddc _cBK |
||
| 999 |
_c60448 _d60448 |
||